Culture Générale - Série 2415 - Statistiques

Statistiques générales
  • Ce quiz a été pris 122 fois
  • Le résultat moyen est 4 sur 10
Statistiques - réponses
Question Réponse % Correct
De quel pays Niamey est-elle le capitale ? Niger
70%
Il étudie les oiseaux. ornithologue
69%
De quel pays Abuja est-elle la capitale ? Nigeria
58%
Quel fruit est l'emblème de la commune de Plougastel-Daoulas (29) ? fraise
53%
Lutin des légendes scandinaves en 5 lettres - voir photo troll
51%
Quelle variété de pomme de terre appelée aussi "corne de bélier" est la spécialité du Touquet (62) ? ratte
32%
Quel légume a fait la réputation de Créances (50) ? carotte
24%
Quel est le prénom de l'auteur du roman "La guerre des boutons" (1912 ? Louis
20%
Accabler (d'injures).- 6 lettres commençant par " a " agonir
19%
Fatigué jusqu'à l'épuisement. - 5 lettres commençant par " r " recru
7%
Aucun quiz correspondant
Distribution des résultats
% des personnes avec chaque résultat
Percentile par nombre de réponses
Votre historique - résultats
Vous n’avez pas pris ce quiz